[Event "GER-ch Seniors 50 36th"]
[Site "Bad Wildungen"]
[Date "2024.08.30"]
[Round "8"]
[White "Koscielski, Janusch"]
[Black "Becker, Michael"]
[Result "1/2-1/2"]
[WhiteElo "2283"]
[BlackElo "2245"]
[PlyCount "41"]
[EventDate "2024.08.25"]
[EventType "swiss"]
[EventRounds "9"]
[EventCountry "GER"]
[SourceTitle "CBM 221 Extra"]
[Source "ChessBase"]
[SourceDate "2024.09.30"]
[SourceVersion "1"]
[SourceVersionDate "2024.09.30"]
[SourceQuality "1"]

1. e4 c5 2. c3 d5 3. exd5 Qxd5 4. Nf3 Nf6 5. Na3 Nc6 6. Bc4 Qe4+ 7. Be2 Bg4 8. 0-0 e6 9. d3 Qd5 10. Nc4 Be7 11. Bf4 0-0 12. h3 Bh5 13. g4 Bg6 14. Nfe5 Nxe5 15. Nxe5 Qd8 16. Bg3 Bd6 17. f4 Bxe5 18. fxe5 Nd5 19. Qd2 h6 20. h4 Qe7 21. Rad1 1/2-1/2

[Event "GER-ch Seniors 50 36th"]
[Site "Bad Wildungen"]
[Date "2024.08.28"]
[Round "6"]
[White "Koscielski, Janusch"]
[Black "Metz, Hartmut"]
[Result "1/2-1/2"]
[WhiteElo "2283"]
[BlackElo "2181"]
[PlyCount "103"]
[EventDate "2024.08.25"]
[EventType "swiss"]
[EventRounds "9"]
[EventCountry "GER"]
[SourceTitle "CBM 221 Extra"]
[Source "ChessBase"]
[SourceDate "2024.09.30"]
[SourceVersion "1"]
[SourceVersionDate "2024.09.30"]
[SourceQuality "1"]

1. e4 e6 2. d4 d5 3. Nd2 Nf6 4. e5 Nfd7 5. Bd3 c5 6. c3 Nc6 7. Ne2 cxd4 8. cxd4 f6 9. exf6 Qxf6 10. Nf3 Bd6 11. 0-0 0-0 12. Bg5 Qf7 13. Bh4 Nf6 14. Bg3 Qc7 15. Bxd6 Qxd6 16. Ng3 e5 17. dxe5 Nxe5 18. Nxe5 Qxe5 19. Qe2 Qd6 20. Rac1 Be6 21. h3 Rfe8 22. Qd2 Rac8 23. a3 Rxc1 24. Rxc1 h6 25. Qa5 a6 26. Qc7 Qxc7 27. Rxc7 Rb8 28. Bg6 Kf8 29. Nf5 Bxf5 30. Bxf5 Ne8 31. Rd7 Nf6 32. Rd6 Re8 33. Kf1 Ke7 34. Rb6 Rb8 35. Ke2 Ne8 36. Re6+ Kf7 37. Rb6 Ke7 38. Bd3 Kd7 39. Rg6 Ke7 40. Kd2 Rd8 41. f4 Rd6 42. g4 a5 43. Rxd6 Kxd6 44. Ke3 Nc7 45. h4 Ne6 46. b4 axb4 47. axb4 Nd8 48. Bb5 Ne6 49. Ba4 Nc7 50. Kd3 Ne6 51. Ke3 Nc7 52. Kd3 1/2-1/2

[Event "Oberliga NRW 2324"]
[Site "Germany"]
[Date "2024.04.28"]
[Round "9.1"]
[White "Koscielski, Janusch"]
[Black "Tomic, Bosko"]
[Result "1/2-1/2"]
[WhiteElo "2255"]
[BlackElo "2436"]
[PlyCount "40"]
[EventDate "2023.09.03"]
[EventType "team-tourn"]
[EventRounds "9"]
[EventCountry "GER"]
[SourceTitle "EXT 2025"]
[Source "ChessBase"]
[SourceDate "2024.10.14"]
[SourceVersion "1"]
[SourceVersionDate "2024.10.14"]
[SourceQuality "1"]
[WhiteTeam "Wattenscheid"]
[BlackTeam "Essen Katernberg"]
[WhiteTeamCountry "GER"]
[BlackTeamCountry "GER"]

1. e4 c5 2. c3 Nf6 3. e5 Nd5 4. Nf3 d6 5. Bb5+ Bd7 6. Bc4 e6 7. 0-0 Bc6 8. d4 cxd4 9. cxd4 Nd7 10. Re1 dxe5 11. dxe5 N7b6 12. Bf1 Bb4 13. Nbd2 Nf4 14. a3 Be7 15. g3 Nd3 16. Re3 Nxc1 17. Rxc1 0-0 18. Rd3 Qe8 19. Nd4 Bd5 20. Bg2 Rc8 1/2-1/2

[Event "Oberliga NRW 2324"]
[Site "Germany"]
[Date "2024.03.10"]
[Round "7.1"]
[White "Koscielski, Janusch"]
[Black "Van Osch, Mees"]
[Result "1/2-1/2"]
[WhiteElo "2255"]
[BlackElo "2351"]
[PlyCount "108"]
[EventDate "2023.09.03"]
[EventType "team-tourn"]
[EventRounds "9"]
[EventCountry "GER"]
[SourceTitle "EXT 2025"]
[Source "ChessBase"]
[SourceDate "2024.10.14"]
[SourceVersion "1"]
[SourceVersionDate "2024.10.14"]
[SourceQuality "1"]
[WhiteTeam "Wattenscheid"]
[BlackTeam "Muelheim Nord II"]
[WhiteTeamCountry "GER"]
[BlackTeamCountry "GER"]

1. e4 c5 2. c3 Nf6 3. e5 Nd5 4. Nf3 Nc6 5. Bc4 Nb6 6. Bb3 c4 7. Bc2 d5 8. exd6 Qxd6 9. 0-0 Bg4 10. Qe2 Qe6 11. Qxe6 Bxe6 12. b3 Bd5 13. Na3 e6 14. Nxc4 Nxc4 15. bxc4 Bxc4 16. d3 Ba6 17. Be3 Be7 18. Rfd1 0-0 19. Rac1 Rfd8 20. Nd4 Nxd4 21. Bxd4 Ba3 22. Rb1 b6 23. Be3 Rac8 24. c4 e5 25. Bb3 Rd6 26. Kf1 Kf8 27. Ke2 Bc5 28. f3 Bxe3 29. Kxe3 Rd4 30. g3 Ke7 31. f4 f6 32. fxe5 fxe5 33. Rf1 Rcd8 34. Rbd1 g6 35. a4 R8d7 36. Bc2 e4 37. dxe4 Rxd1 38. Rxd1 Rxd1 39. Bxd1 Bxc4 40. Kd4 Be6 41. Be2 Bd7 42. Bb5 a6 43. Bxa6 Bxa4 44. Bd3 b5 45. Kd5 Bb3+ 46. Kd4 Ba4 47. Kd5 b4 48. Kc4 b3 49. Kb4 Bc6 50. Kxb3 Kf6 51. Kc3 Ke5 52. Kd2 Bxe4 53. Bb5 Kd4 54. Ke2 Bd5 1/2-1/2

[Event "Oberliga NRW 2223"]
[Site "Germany"]
[Date "2023.03.05"]
[Round "6.1"]
[White "Zolfagharian, Kevin"]
[Black "Koscielski, Janusch"]
[Result "1-0"]
[WhiteElo "2219"]
[BlackElo "2252"]
[PlyCount "91"]
[EventDate "2022.09.11"]
[EventType "team-tourn"]
[EventRounds "9"]
[EventCountry "GER"]
[SourceTitle "EXT 2025"]
[Source "ChessBase"]
[SourceDate "2024.10.14"]
[SourceVersion "1"]
[SourceVersionDate "2024.10.14"]
[SourceQuality "1"]
[WhiteTeam "Solingen III"]
[BlackTeam "Wattenscheid"]
[WhiteTeamCountry "GER"]
[BlackTeamCountry "GER"]

1. e4 c6 2. d4 d5 3. e5 Bf5 4. g4 Be4 5. Nf3 e6 6. Be3 h5 7. gxh5 Rxh5 8. Nbd2 Bg6 9. Rg1 Ne7 10. Nb3 Nd7 11. Qd2 Qc7 12. 0-0-0 a5 13. a4 Qb6 14. Qe2 Nf5 15. Ng5 Rxh2 16. Nh3 Nxe3 17. Qxe3 Qb4 18. Qg3 Rxh3 19. Bxh3 Bh5 20. Rde1 Qxa4 21. Qg5 g6 22. f4 Qb4 23. f5 Qe7 24. Qxe7+ Kxe7 25. fxe6 fxe6 26. c3 a4 27. Nd2 Bh6 28. Kc2 a3 29. bxa3 Rxa3 30. Ra1 Rxa1 31. Rxa1 Bf4 32. Ra7 b6 33. Rc7 g5 34. Rxc6 g4 35. Bf1 Bg6+ 36. Kd1 Bxd2 37. Kxd2 Be4 38. Bd3 g3 39. Bxe4 dxe4 40. Rc8 Nf8 41. Rc7+ Nd7 42. Ke3 Kd8 43. Ra7 b5 44. Rb7 Kc8 45. Rxb5 Kc7 46. Kxe4 1-0

[Event "Oberliga NRW 2223"]
[Site "Germany"]
[Date "2023.02.12"]
[Round "5.1"]
[White "Koscielski, Janusch"]
[Black "Schuh, Dirk"]
[Result "1/2-1/2"]
[WhiteElo "2252"]
[BlackElo "2364"]
[PlyCount "71"]
[EventDate "2022.09.11"]
[EventType "team-tourn"]
[EventRounds "9"]
[EventCountry "GER"]
[SourceTitle "EXT 2025"]
[Source "ChessBase"]
[SourceDate "2024.10.14"]
[SourceVersion "1"]
[SourceVersionDate "2024.10.14"]
[SourceQuality "1"]
[WhiteTeam "Wattenscheid"]
[BlackTeam "Lieme"]
[WhiteTeamCountry "GER"]
[BlackTeamCountry "GER"]

1. e4 e5 2. Nf3 Nc6 3. Nc3 Nf6 4. Bb5 Bc5 5. Nxe5 Nxe5 6. d4 a6 7. dxe5 axb5 8. exf6 Qxf6 9. 0-0 c6 10. Qh5 d6 11. a3 b4 12. Bg5 Qe5 13. axb4 Rxa1 14. Rxa1 Bxb4 15. Qh4 Bxc3 16. bxc3 Qxc3 17. Rc1 0-0 18. Qg3 Qd4 19. Be3 Qxe4 20. Qxd6 Be6 21. Qf4 Qxf4 22. Bxf4 Ra8 23. Kf1 Kf8 24. Ke2 Ke7 25. h4 c5 26. Rd1 Ra6 27. Be3 b6 28. f3 Ra2 29. Rd2 Bc4+ 30. Kf2 Rb2 31. g4 Ke6 32. h5 Bd5 33. Bf4 b5 34. Re2+ Kd7 35. Be5 Ra2 36. Bxg7 1/2-1/2

[Event "Oberliga NRW 2223"]
[Site "Germany"]
[Date "2022.11.06"]
[Round "4.1"]
[White "Tomic, Bosko"]
[Black "Koscielski, Janusch"]
[Result "1/2-1/2"]
[WhiteElo "2423"]
[BlackElo "2252"]
[PlyCount "41"]
[EventDate "2022.09.11"]
[EventType "team-tourn"]
[EventRounds "9"]
[EventCountry "GER"]
[SourceTitle "EXT 2025"]
[Source "ChessBase"]
[SourceDate "2024.10.14"]
[SourceVersion "1"]
[SourceVersionDate "2024.10.14"]
[SourceQuality "1"]
[WhiteTeam "Essen Katernberg"]
[BlackTeam "Wattenscheid"]
[WhiteTeamCountry "GER"]
[BlackTeamCountry "GER"]

1. e4 c6 2. d4 d5 3. Nd2 dxe4 4. Nxe4 Bf5 5. Ng3 Bg6 6. Bc4 Nf6 7. N1e2 e6 8. 0-0 Bd6 9. Bf4 Qc7 10. Qd2 0-0 11. Rfe1 Nbd7 12. Bxd6 Qxd6 13. Nf4 Rfe8 14. c3 Rad8 15. Rad1 Nb6 16. Bb3 c5 17. Nxg6 hxg6 18. Qe3 c4 19. Bc2 Nbd5 20. Qf3 b5 21. Ne4 1/2-1/2